Central Library OPAC University of Rajshahi

The study of behaviour / (Record no. 12415)

MARC details
000 -LEADER
fixed length control field 00974cam a22003011a 4500
001 - CONTROL NUMBER
control field 12415
003 - CONTROL NUMBER IDENTIFIER
rucl marc code BD-RjUL
005 - DATE AND TIME OF LATEST TRANSACTION
control field 20211208235305.0
008 - FIXED-LENGTH DATA ELEMENTS--GENERAL INFORMATION
fixed length control field 140128r19711966enka b 000 0 eng d
020 ## - INTERNATIONAL STANDARD BOOK NUMBER
International Standard Book Number 0713124261 (ELBS ed., Low price ed.)
International Standard Book Number 0713120827 (Board ed.)
035 ## - SYSTEM CONTROL NUMBER
System control number (BD-RjUL)12464
040 ## - CATALOGING SOURCE
Original cataloging agency LC
Language of cataloging eng
Transcribing agency LC
Modifying agency XNTU
-- BD-RjUL
041 ## - LANGUAGE CODE
Language code of text/sound track or separate title eng
082 04 - DEWEY DECIMAL CLASSIFICATION NUMBER
Classification number 591.51
Author mark and year CAS 1971
100 1# - MAIN ENTRY--PERSONAL NAME
Personal name Carthy, J. D.,
Fuller form of name (John D.),
Dates associated with a name 1923-
9 (RLIN) 38574
245 14 - TITLE STATEMENT
Title The study of behaviour /
Statement of responsibility, etc. by J.D. Carthy.
250 ## - EDITION STATEMENT
Edition statement ELBS ed., Low Priced ed.
260 ## - PUBLICATION, DISTRIBUTION, ETC. (IMPRINT)
Place of publication, distribution, etc. London :
Name of publisher, distributor, etc. Edward Arnold ;
-- ELBS;
Date of publication, distribution, etc. 1966 [reprinted 1971, 1975].
300 ## - PHYSICAL DESCRIPTION
Pagination 57 p. :
Illustrations illus.
Size 22 cm.
490 1# - SERIES STATEMENT
Series statement Institute of Biology. Studies in biology, ;
Volume/sequential designation no. 3
504 ## - BIBLIOGRAPHY, ETC. NOTE
Bibliography, etc Includes bibliographies.
650 #0 - SUBJECT ADDED ENTRY--TOPICAL TERM
Topical term or geographic name as entry element Animal behavior.
9 (RLIN) 5684
830 #0 - SERIES ADDED ENTRY--UNIFORM TITLE
Uniform title Institute of Biology's studies in biology ;
Volume number/sequential designation no. 3.
942 ## - ADDED ENTRY ELEMENTS (KOHA)
Source of classification or shelving scheme Dewey Decimal Classification
Koha item type Books
Holdings
Lost status Source of classification or shelving scheme Damaged status Not for loan Collection code Permanent Location Current Location Shelving location Date acquired Source of acquisition Cost, normal purchase price Total Checkouts Full call number Date last seen Copy number Koha item type
  Dewey Decimal Classification     Non-fiction Central Library, University of Rajshahi Central Library, University of Rajshahi   23/11/1974 Johnathan Wron & com. 60.00   591.51 CAS 1971 28/01/2014 C-2 Books
  Dewey Decimal Classification   Not For Loan Non-fiction Central Library, University of Rajshahi Central Library, University of Rajshahi Reading Room 23/11/1974 Jonathon Wren & Co. 60.00   591.51 CAS 1971 10/02/2014 C-1 Books
  Dewey Decimal Classification     Non-fiction Central Library, University of Rajshahi Central Library, University of Rajshahi   05/12/1978 British Council, Dacca     591.51 CAS 1975 27/05/2017 C-3 Books
  Dewey Decimal Classification     Non-fiction Central Library, University of Rajshahi Central Library, University of Rajshahi   28/01/1975 Jonathan Wren & Co. 1.20   591.51 CAS 1971 27/05/2017 C-4 Books
  Dewey Decimal Classification     Non-fiction Central Library, University of Rajshahi Central Library, University of Rajshahi   08/12/2021 jonathan wren and co. 1.20   591.51 CAS 1971 24/08/2017 C-5 Books